my countryballs with hints - Statistics

General Stats
  • This quiz has been taken 26 times
  • The average score is 13 of 14
Answer Stats
Hint Answer % Correct
annex taiwan china
100%
ak-47 russia
100%
k-pop south korea
100%
mcdonalds united states
100%
baguette france
96%
pizza italy
96%
anime japan
96%
tea uk
96%
sausage germany
92%
nukes north korea
88%
börk sweden
88%
lego denmark
83%
sorry canada
71%
communism ussr
46%
No matching quizzes found
Score Distribution
Percent of People with Each Score
Percentile by Number Answered
Your Score History
You have not taken this quiz